| 000 | 00596nam a22001937a 4500 | ||
|---|---|---|---|
| 005 | 20231020110927.0 | ||
| 010 | _aENG-138252 | ||
| 020 |
_c175.00 _a9788190889209 |
||
| 035 | _aEN-121784 | ||
| 037 |
_bDBAD/PUB _a1 |
||
| 082 | _a658.8 | ||
| 100 |
_aJampala,Rajesh C. _957962 |
||
| 245 |
_aMarketing management/ _cRajesh C .Jampala and P. Adi Lakshmi |
||
| 250 | _aFirst | ||
| 260 |
_aMachilipatnam Andhra pradesh _c2009 _bDuvvuri publication |
||
| 270 |
_bAndhra Pradesh _aM.I.G.-143 A.P.H.B.Colony _e521001 |
||
| 300 |
_a305p. _c24cm(hb) |
||
| 942 |
_2ddc _cEN _h658.8 _mJAM |
||
| 999 |
_c198747 _d198747 |
||